Normal view
MARC view
- الزعبي ، جمال
Entry Personal Name
001 - CONTROL NUMBER
- control field: 46467
003 - CONTROL NUMBER IDENTIFIER
- control field: JO-AjAnu
005 - DATE AND TIME OF LATEST TRANSACTION
- control field: 20230606081659.0
008 - FIXED-LENGTH DATA ELEMENTS
- fixed length control field: 230606|| aca||aabn | a|a d
040 ## - CATALOGING SOURCE
- Original cataloging agency: JO-AjAnu
- Transcribing agency: JO-AjAnu
100 ## - HEADING--PERSONAL NAME
- Personal name: الزعبي ، جمال
670 ## - SOURCE DATA FOUND
- Source citation: Work cat.: (JO-AjAnu)23785: الزعبي ، جمال , author, النظرية العامة لجريمة الافتراء في الفقة والقانون والقضاء المقارن